00337nam a2200133 450000500170000002000180001708200160003510000200005124500300007126000470010130000220014865300140017070000190018420260602114219.0 a9788181915238 a617.6bD19S a Shankar, Gowri aDentest clinical sciences aHyderabadb Paras Medical Publisherc 2019 aV.1-904, V.2-1958 aDentistry aShenvi, Suresh